00349nam a2200121Ia 4500008004100000082001100041245003800052250000600090260004800096300000700144630003800151730003800189090124s9999 xx 000 0 und d b300430 a बोलु ऐसे बोल a1 bभागवत लीलावतीc1978 a88 a बोलु ऐसे बोल a बोलु ऐसे बोल